000 00238nam a2200097Ia 4500
001 676563
005 20250826161002.0
008 250824s9999 xx 000 0 und d
245 0 _aKORKUNÇ DENEY
_cİDİL ÜNLÜ
260 _bTİMAŞ YAYINLARI
999 _c676563
_d676563